000 00471nam a22001337a 4500
999 _c63538
_d63538
003 Ge_BSU
005 20251031155741.0
008 251027s1993 ge ||||| |||| 00| 0 geo d
041 _ageo
080 _a657.15 ბ-98
245 _aბუღალტრული აღრიცხვის საერთაშორისო სტანდარტი ბასს 18 :
_bამონაგები.
300 _a32 გვ.;
_b21 სმ.
942 _2udc
_cᲬᲘᲒᲜᲘ